[Event "4NCL/Div3/WWKS2 vs. OXF2"]
[Site "Hinckley Island ENG"]
[Date "2008.12.07"]
[Round "4.4"]
[White "Ludbrook, Matt"]
[Black "Fallowfield, Jeremy"]
[Result "0-1"]
[WhiteElo "2015"]
[BlackElo "2006"]
[PlyCount "70"]
[EventDate "2008.12.07"]
[SourceDate "2008.10.04"]

1. e4 c5 2. Nc3 Nc6 3. g3 g6 4. Bg2 Bg7 5. d3 d6 6. Be3 e5 7. Qd2 Nge7 8. Bh6
O-O 9. h4 Bxh6 10. Qxh6 f6 11. Qd2 Nd4 12. h5 g5 13. h6 b5 14. f4 exf4 15. gxf4
Ng6 16. Nd5 Bb7 17. f5 Ne7 18. Ne3 b4 19. Nh3 Qe8 20. Kf1 Rd8 21. Kg1 d5 22. c3
bxc3 23. bxc3 Nb5 24. exd5 Nxd5 25. Nxd5 Bxd5 26. Nxg5 Bxg2 27. Kxg2 Qc6+ 28.
Kg1 Kh8 29. Ne6 Rg8+ 30. Ng7 Qf3 31. Rd1 Qxf5 32. Rh2 Nxc3 33. Rf1 Qg6+ 34. Rg2
Rxd3 35. Qf4 Ne2+ 0-1

[Event "4NCL/Div3/WWKS2 vs. OXF2"]
[Site "Hinckley Island ENG"]
[Date "2008.12.07"]
[Round "4.5"]
[White "Stepanyan, Henrik"]
[Black "Rawlinson, Chris"]
[Result "1-0"]
[WhiteElo "1975"]
[BlackElo "2047"]
[PlyCount "49"]
[EventDate "2008.12.07"]
[SourceDate "2008.10.04"]

1. c4 e6 2. Nc3 f5 3. d4 b6 4. e4 fxe4 5. Nxe4 Bb7 6. Nc3 Nf6 7. Nf3 Bb4 8. Be2
O-O 9. O-O d6 10. Ng5 Re8 11. Bg4 Nxg4 12. Qxg4 Bxc3 13. bxc3 e5 14. Qf5 Qf6
15. Qxh7+ Kf8 16. d5 Nd7 17. Qh3 Ke7 18. Ne6 Qf7 19. Bg5+ Nf6 20. Nxg7 Rg8 21.
Nf5+ Ke8 22. Nh6 Bc8 23. Qh4 Qg7 24. Nxg8 Nxg8 25. f4 1-0

[Event "4NCL/Div3/WWKS2 vs. OXF2"]
[Site "Hinckley Island ENG"]
[Date "2008.12.07"]
[Round "4.6"]
[White "Hadi, Justin"]
[Black "Stepanyan, Astghik"]
[Result "1/2-1/2"]
[WhiteElo "2015"]
[BlackElo "1775"]
[PlyCount "160"]
[EventDate "2008.12.07"]
[SourceDate "2008.10.04"]

1. e4 c5 2. Nf3 Nc6 3. d4 cxd4 4. Nxd4 Nf6 5. Nc3 d6 6. Bg5 Qb6 7. Nb3 Ng4 8.
Qd2 e6 9. f3 Nge5 10. Nb5 h6 11. Be3 Qd8 12. Rd1 a6 13. Nxd6+ Bxd6 14. Qxd6
Qxd6 15. Rxd6 Nb4 16. c3 Nc2+ 17. Kf2 Nxe3 18. Kxe3 Bd7 19. Be2 Bb5 20. Rb6
Bxe2 21. Kxe2 Nc4 22. Rxb7 Nxb2 23. Nc5 Nc4 24. Nxa6 O-O 25. Nb4 Rfd8 26. Rd1
Rxd1 27. Kxd1 Ne3+ 28. Ke2 Nxg2 29. Rd7 Rc8 30. Kd2 Nh4 31. Rd3 Ng6 32. Kc2 Ne5
33. Re3 Nc4 34. Re2 Ne5 35. Rf2 Nc4 36. Kb3 Na5+ 37. Ka4 Nc4 38. Kb3 Na5+ 39.
Kc2 Nc4 40. Nd3 Ne3+ 41. Kb3 Nd1 42. Rc2 Ne3 43. Re2 Nc4 44. Nb4 Ne5 45. Rf2
Kf8 46. a4 Nc4 47. Nd3 Ne3 48. Re2 Nc4 49. Kb4 Nd6 50. e5 Ne8 51. c4 Ke7 52. c5
Nc7 53. a5 Nd5+ 54. Kc4 Ra8 55. Ra2 Kd7 56. Nb4 Nxb4 57. Kxb4 Kc6 58. Rd2 Rb8+
59. Kc4 Rb1 60. Rd6+ Kc7 61. Rb6 Re1 62. a6 Rc1+ 63. Kd4 Rd1+ 64. Ke4 Re1+ 65.
Kd3 Ra1 66. Ke4 Ra4+ 67. Kd3 Ra5 68. Rb7+ Kc6 69. Rxf7 Rxa6 70. Rxg7 Kxc5 71.
Rg6 Kd5 72. Rxh6 Ra3+ 73. Ke2 Kxe5 74. Kf2 Kf5 75. Kg3 Ra1 76. Rh5+ Kg6 77. Re5
Kf6 78. Re4 Rg1+ 79. Kf2 Rg5 80. Rg4 Rc5 1/2-1/2

[Event "4NCL/Div3/ICENI vs. HACK"]
[Site "Hinckley Island ENG"]
[Date "2008.12.07"]
[Round "4.1"]
[White "Reynolds, D Ian"]
[Black "Chin, Francis"]
[Result "1/2-1/2"]
[WhiteElo "2111"]
[BlackElo "2261"]
[PlyCount "42"]
[EventDate "2008.12.07"]
[SourceDate "2008.10.04"]

1. e4 e6 2. d4 d5 3. Nd2 c5 4. exd5 exd5 5. dxc5 Bxc5 6. Ngf3 Nc6 7. Be2 Nge7
8. O-O O-O 9. Nb3 Bd6 10. c3 Re8 11. Bd3 Bf5 12. Be3 Qd7 13. Nbd4 Bg6 14. Bxg6
hxg6 15. Qd2 Nf5 16. Nxf5 Qxf5 17. Rad1 Rad8 18. Nd4 Qh5 19. h3 Ne5 20. b3 a6
21. Bf4 Bc5 1/2-1/2

[Event "4NCL/Div3/ICENI vs. HACK"]
[Site "Hinckley Island ENG"]
[Date "2008.12.07"]
[Round "4.2"]
[White "Reid, John"]
[Black "Lunn, Timothy"]
[Result "1/2-1/2"]
[WhiteElo "2230"]
[BlackElo "2066"]
[PlyCount "68"]
[EventDate "2008.12.07"]
[SourceDate "2008.10.04"]

1. e4 c5 2. Nf3 Nc6 3. d4 cxd4 4. Nxd4 g6 5. c4 Bg7 6. Be3 Nf6 7. Nc3 Ng4 8.
Qxg4 Nxd4 9. Qd1 Ne6 10. Qd2 Qa5 11. Rc1 b6 12. a3 g5 13. Be2 Bb7 14. O-O Qe5
15. Rfd1 d6 16. b4 O-O 17. Bg4 h6 18. Bf5 Rac8 19. Nd5 Bxd5 20. cxd5 Rxc1 21.
Rxc1 Nd4 22. Rc4 Nxf5 23. exf5 Qxf5 24. g3 Rc8 25. Qc1 Rxc4 26. Qxc4 Qb1+ 27.
Kg2 f5 28. a4 Qe4+ 29. Qxe4 fxe4 30. b5 Bc3 31. f3 exf3+ 32. Kxf3 Kg7 33. g4
Kf6 34. Ke4 Kg6 1/2-1/2

[Event "4NCL/Div3/ICENI vs. HACK"]
[Site "Hinckley Island ENG"]
[Date "2008.12.07"]
[Round "4.3"]
[White "Feavyour, John"]
[Black "Ociepka, Adrian"]
[Result "0-1"]
[WhiteElo "2072"]
[BlackElo "2115"]
[PlyCount "74"]
[EventDate "2008.12.07"]
[SourceDate "2008.10.04"]

1. d4 Nf6 2. c4 c5 3. d5 b5 4. cxb5 a6 5. bxa6 g6 6. Nc3 Bxa6 7. Nf3 d6 8. g3
Bg7 9. Bg2 O-O 10. O-O Nbd7 11. Re1 Qa5 12. h3 Rfb8 13. e4 Ne8 14. Qc2 Ra7 15.
Bd2 Qd8 16. Bf1 Nc7 17. Be3 Rab7 18. Rab1 Bxf1 19. Kxf1 Na6 20. a3 Nb6 21. b3
Nd7 22. Na4 Nc7 23. Nd2 Nb5 24. Nc4 Ne5 25. Nxe5 Bxe5 26. f4 Bg7 27. Qa2 Qd7
28. Kg2 Ra8 29. e5 Qf5 30. Bf2 h5 31. Nxc5 dxc5 32. Bxc5 Nc3 33. Qb2 Nxb1 34.
Rxb1 Qe4+ 35. Kh2 Qxd5 36. b4 h4 37. Rg1 Qxc5 0-1

[Event "4NCL/Div3/ICENI vs. HACK"]
[Site "Hinckley Island ENG"]
[Date "2008.12.07"]
[Round "4.4"]
[White "Lee, Martin"]
[Black "Ruthen, Steven"]
[Result "1/2-1/2"]
[WhiteElo "2050"]
[BlackElo "2050"]
[PlyCount "44"]
[EventDate "2008.12.07"]
[SourceDate "2008.10.04"]

1. d4 Nf6 2. c4 g6 3. Nc3 Bg7 4. e4 d6 5. f3 O-O 6. Be3 e5 7. d5 Nh5 8. Qd2
Qh4+ 9. g3 Nxg3 10. Qf2 Nxf1 11. Qxh4 Nxe3 12. Qf2 Nxc4 13. h4 h5 14. b3 Nb6
15. Rd1 Na6 16. Nge2 Nd7 17. Ng3 Nf6 18. Qe3 Bd7 19. Rg1 b5 20. Rg2 Kh7 21. Rb2
Bh6 22. Qd3 Nc5 1/2-1/2

[Event "4NCL/Div3/ICENI vs. HACK"]
[Site "Hinckley Island ENG"]
[Date "2008.12.07"]
[Round "4.5"]
[White "Downham, Alan"]
[Black "Shaw, Dashiell L"]
[Result "1-0"]
[WhiteElo "1995"]
[BlackElo "1940"]
[PlyCount "91"]
[EventDate "2008.12.07"]
[SourceDate "2008.10.04"]

1. c4 e5 2. Nc3 d6 3. g3 g6 4. Bg2 Bg7 5. d3 Nc6 6. e4 Nge7 7. Nge2 Nd4 8. O-O
h5 9. Nxd4 exd4 10. Nd5 c6 11. Nxe7 Qxe7 12. h3 Be6 13. b4 Qd7 14. Kh2 O-O-O
15. Qa4 Kb8 16. b5 c5 17. Rb1 h4 18. g4 f5 19. exf5 gxf5 20. g5 f4 21. Bxf4
Rhf8 22. Bd2 Bf5 23. Rb3 Rf7 24. Ra3 b6 25. Qd1 Bg6 26. f4 Qc7 27. Bd5 Rff8 28.
Qg4 Bf5 29. Qg2 Rde8 30. Rb3 Qc8 31. a4 Bxh3 32. Qxh3 Re2+ 33. Bg2 Rxd2 34. a5
Ra2 35. axb6 axb6 36. Qxc8+ Kxc8 37. Kh3 Re8 38. Be4 Re2 39. Ra3 Re3+ 40. Bf3
R8e7 41. Ra8+ Kd7 42. Kxh4 Rxd3 43. Bg4+ Kc7 44. Rfa1 d5 45. R1a7+ Kd6 46. Rd8+
1-0

[Event "4NCL/Div3/ICENI vs. HACK"]
[Site "Hinckley Island ENG"]
[Date "2008.12.07"]
[Round "4.6"]
[White "Vives, Pepe"]
[Black "Donaghay, Richard"]
[Result "0-1"]
[WhiteElo "1840"]
[BlackElo "1980"]
[PlyCount "56"]
[EventDate "2008.12.07"]
[SourceDate "2008.10.04"]

1. e4 d5 2. exd5 Nf6 3. d4 Bg4 4. Be2 Bxe2 5. Qxe2 Qxd5 6. Nf3 e6 7. O-O Bd6 8.
Nc3 Qh5 9. d5 Nxd5 10. Qb5+ Nd7 11. Re1 O-O-O 12. Qa5 a6 13. a3 N5f6 14. Qa4
Ng4 15. Bf4 Nb6 16. Qe4 Nf6 17. Qe3 Nfd5 18. Nxd5 Nxd5 19. Qa7 Nxf4 20. Qa8+
Kd7 21. Qxb7 Qb5 22. Qe4 Qc6 23. Qd4 Kc8 24. Qe3 e5 25. Rad1 f6 26. g3 Bc5 27.
Qc3 Rxd1 28. Rxd1 Ne2+ 0-1

[Event "4NCL/Div3/LIT2 vs. MET"]
[Site "Hinckley Island ENG"]
[Date "2008.12.07"]
[Round "4.1"]
[White "Gibson, Christopher A"]
[Black "Dickson, George"]
[Result "1-0"]
[WhiteElo "1951"]
[BlackElo "2135"]
[PlyCount "49"]
[EventDate "2008.12.07"]
[SourceDate "2008.10.04"]

1. d4 Nf6 2. c4 c5 3. d5 b5 4. cxb5 a6 5. bxa6 g6 6. Nc3 Bxa6 7. e4 Bxf1 8.
Kxf1 d6 9. Nf3 Bg7 10. g3 O-O 11. Kg2 Nbd7 12. h3 Qa5 13. Re1 Rfb8 14. e5 dxe5
15. Nxe5 Nxe5 16. Rxe5 Qd8 17. Qf3 Ra7 18. Re2 Rd7 19. Bf4 Rc8 20. Rae1 Bf8 21.
d6 Ne8 22. dxe7 Rxe7 23. Rxe7 Bxe7 24. Nd5 Bg5 25. Bxg5 1-0

[Event "4NCL/Div3/LIT2 vs. MET"]
[Site "Hinckley Island ENG"]
[Date "2008.12.07"]
[Round "4.2"]
[White "Djabri, Zafer M"]
[Black "Ireland, David J"]
[Result "1-0"]
[WhiteElo "2103"]
[BlackElo "2020"]
[PlyCount "61"]
[EventDate "2008.12.07"]
[SourceDate "2008.10.04"]

1. c4 e5 2. Nc3 f5 3. d4 exd4 4. Qxd4 Nc6 5. Qe3+ Nce7 6. b3 Nf6 7. Bb2 b6 8.
Nf3 Bb7 9. g3 g6 10. Nd5 Nfxd5 11. cxd5 Rg8 12. Rd1 Bg7 13. Bxg7 Rxg7 14. Bg2
Kf8 15. Ne5 d6 16. Nc4 Ng8 17. O-O Qe7 18. Qd4 Qxe2 19. Rfe1 Qg4 20. Qc3 Qg5
21. Re6 Bc8 22. Re8+ Kf7 23. Nxd6+ cxd6 24. Rxc8 Rxc8 25. Qxc8 Qe7 26. Kf1 Kf6
27. Re1 Qd7 28. Qf8+ Kg5 29. h4+ Kh6 30. Re6 Ne7 31. Qf6 1-0

[Event "4NCL/Div3/LIT2 vs. MET"]
[Site "Hinckley Island ENG"]
[Date "2008.12.07"]
[Round "4.3"]
[White "Jaszkiwskyj, Peter"]
[Black "Fegan, Chris"]
[Result "0-1"]
[WhiteElo "1996"]
[BlackElo "2098"]
[PlyCount "38"]
[EventDate "2008.12.07"]
[SourceDate "2008.10.04"]

1. d4 d6 2. e4 Nf6 3. Bd3 e5 4. c3 d5 5. dxe5 Nxe4 6. Bxe4 dxe4 7. Qa4+ Bd7 8.
Qxe4 Bc6 9. Qg4 h5 10. Qg3 h4 11. Qg4 Qd7 12. e6 Qxe6+ 13. Qxe6+ fxe6 14. f3
Nd7 15. Be3 Ne5 16. b3 h3 17. Kf1 Rd8 18. Bd4 Bb5+ 19. Kf2 Nd3+ 0-1

[Event "4NCL/Div3/LIT2 vs. MET"]
[Site "Hinckley Island ENG"]
[Date "2008.12.07"]
[Round "4.4"]
[White "Vachtfeidl, Petr"]
[Black "Bingham, James T"]
[Result "1-0"]
[WhiteElo "2015"]
[BlackElo "1995"]
[PlyCount "131"]
[EventDate "2008.12.07"]
[SourceDate "2008.10.04"]

1. e4 c5 2. Nf3 d6 3. d4 cxd4 4. Nxd4 Nf6 5. Nc3 a6 6. Be2 b5 7. a4 b4 8. Nd5
Nxe4 9. Bf3 f5 10. Bxe4 fxe4 11. Qh5+ g6 12. Qe2 Bb7 13. Qxe4 Qd7 14. O-O e5
15. Bg5 Be7 16. Bxe7 Qxe7 17. Ne6 Kf7 18. Nef4 Re8 19. Qxb4 Qd7 20. Nb6 Qg4 21.
Nfd5 Qxb4 22. Nxb4 Ra7 23. Rad1 Ke6 24. Nc4 d5 25. Nxe5 a5 26. Nbd3 Rc8 27. c3
Ba6 28. Rfe1 Rb7 29. Rd2 Kf5 30. f4 Nc6 31. g4+ Kf6 32. Nc5 Ra7 33. Nxa6 Nxe5
34. Rxe5 Rxa6 35. Rdxd5 Rb6 36. g5+ Kf7 37. Rd7+ Kg8 38. Ree7 Rxb2 39. Rg7+ Kh8
40. Rxh7+ Kg8 41. Rdg7+ Kf8 42. Rc7 Rxc7 43. Rxc7 Ra2 44. Rc6 Kf7 45. Rf6+ Kg7
46. h4 Rxa4 47. Kf2 Rc4 48. Ke3 Rxc3+ 49. Ke4 a4 50. Ra6 a3 51. Ra7+ Kg8 52. h5
gxh5 53. g6 h4 54. f5 h3 55. f6 Rc8 56. Rxa3 h2 57. Ra1 Kf8 58. Kf3 Ke8 59.
Re1+ Kf8 60. Kg2 Rc2+ 61. Kh1 Rf2 62. g7+ Kf7 63. Re7+ Kxf6 64. g8=Q Kxe7 65.
Qg5+ Kd7 66. Qb5+ 1-0

[Event "4NCL/Div3/LIT2 vs. MET"]
[Site "Hinckley Island ENG"]
[Date "2008.12.07"]
[Round "4.5"]
[White "Hewitt, Sean D"]
[Black "Djabri, Katherine"]
[Result "0-1"]
[WhiteElo "1945"]
[BlackElo "2035"]
[PlyCount "66"]
[EventDate "2008.12.07"]
[SourceDate "2008.10.04"]

1. e4 c5 2. Nc3 Nc6 3. f4 e6 4. Nf3 a6 5. Be2 d5 6. e5 Nge7 7. O-O Bd7 8. Nb1
Ng6 9. d3 Be7 10. Kh1 Qc7 11. c3 O-O 12. Na3 Rac8 13. Nc2 f6 14. d4 cxd4 15.
Ncxd4 fxe5 16. Nxc6 Bxc6 17. fxe5 Nxe5 18. Nd4 Bd7 19. Be3 Nc4 20. Bc1 e5 21.
Nf3 Nb6 22. Be3 Bc6 23. Nxe5 Qxe5 24. Bxb6 Bd6 25. g3 Rxf1+ 26. Bxf1 d4+ 27.
Bg2 dxc3 28. Bd4 Bxg2+ 29. Kxg2 Qe4+ 30. Kg1 cxb2 31. Qb3+ Kh8 32. Qxb2 Rc2 33.
Bxg7+ Kg8 0-1

[Event "4NCL/Div3/LIT2 vs. MET"]
[Site "Hinckley Island ENG"]
[Date "2008.12.07"]
[Round "4.6"]
[White "Cooke, Charlie"]
[Black "Watkinson, Phil K"]
[Result "1-0"]
[WhiteElo "1880"]
[BlackElo "1950"]
[PlyCount "83"]
[EventDate "2008.12.07"]
[SourceDate "2008.10.04"]

1. d4 d5 2. c4 e6 3. Nc3 Be7 4. Nf3 Nf6 5. Bg5 h6 6. Bh4 O-O 7. e3 b6 8. Bd3
Bb7 9. O-O c5 10. dxc5 bxc5 11. cxd5 Nxd5 12. Bxe7 Qxe7 13. Rc1 Nd7 14. a3 Bc6
15. Qc2 Nxc3 16. Qxc3 Bxf3 17. gxf3 f5 18. Kh1 Rac8 19. Rg1 Nf6 20. Rg6 Nh5 21.
Rxe6 Qd7 22. Rg1 Kh7 23. Re5 g6 24. Rxc5 Rxc5 25. Qxc5 Rc8 26. Qb5 Qd6 27. Bxf5
Rg8 28. Qd7+ Qxd7 29. Bxd7 Nf6 30. Rd1 Rg7 31. Be6 Rc7 32. b3 Kg7 33. Kg2 Kf8
34. Rd4 Ke7 35. Bc4 Nd7 36. Rh4 h5 37. Rf4 Ne5 38. Re4 Kd6 39. Rd4+ Ke7 40. f4
Nc6 41. Re4+ Kf6 42. Kf3 1-0

[Event "4NCL/Div3/CONQ vs. FCA2"]
[Site "Hinckley Island ENG"]
[Date "2008.12.07"]
[Round "4.1"]
[White "Turner, Caius"]
[Black "Weighell, Mark"]
[Result "1-0"]
[WhiteElo "2089"]
[BlackElo "2120"]
[PlyCount "83"]
[EventDate "2008.12.07"]
[SourceDate "2008.10.04"]

1. Nf3 Nf6 2. c4 d6 3. d4 Nbd7 4. Nc3 e5 5. g3 Be7 6. Bg2 O-O 7. O-O exd4 8.
Nxd4 a5 9. a3 Nc5 10. b3 c6 11. Rb1 Bg4 12. f3 Bh5 13. Nf5 Bg6 14. Nxe7+ Qxe7
15. e4 Ne8 16. Re1 Qc7 17. g4 f6 18. Bf4 Bf7 19. Bg3 Qd8 20. Qd2 a4 21. b4 Nb3
22. Qd3 c5 23. Nxa4 b5 24. Nb2 bxc4 25. Nxc4 Nd4 26. Red1 d5 27. Ne3 dxe4 28.
fxe4 Nc7 29. bxc5 Nce6 30. Bd6 Re8 31. Nf5 Nc6 32. e5 Nf4 33. Qf3 Nxg2 34. Kxg2
Qc8 35. exf6 gxf6 36. Nh6+ Kg7 37. Nxf7 Kxf7 38. g5 f5 39. Rb6 Ne7 40. Rb7 Qe6
41. Rf1 Kg6 42. Bxe7 1-0

[Event "4NCL/Div3/CONQ vs. FCA2"]
[Site "Hinckley Island ENG"]
[Date "2008.12.07"]
[Round "4.2"]
[White "Freeman, Richard C P"]
[Black "Foster, James C"]
[Result "0-1"]
[WhiteElo "2082"]
[BlackElo "1992"]
[PlyCount "146"]
[EventDate "2008.12.07"]
[SourceDate "2008.10.04"]

1. f4 c5 2. e4 g6 3. Nc3 Bg7 4. Nf3 e6 5. g3 d5 6. exd5 exd5 7. Qe2+ Ne7 8. Bg2
O-O 9. O-O Nbc6 10. Nd1 d4 11. d3 Nd5 12. Bd2 Re8 13. Qf2 Be6 14. c4 dxc3 15.
bxc3 Rc8 16. Rc1 Nb6 17. Be3 Qxd3 18. Ng5 Bg4 19. Bf3 Bxf3 20. Qxf3 Nd8 21. f5
Nd5 22. fxg6 fxg6 23. Bf4 Nxf4 24. gxf4 Qxf3 25. Rxf3 Ne6 26. Nxe6 Rxe6 27. Re3
Rce8 28. Kf2 Kf7 29. Rc2 Bh6 30. Rf3 Rf6 31. Kg3 Re4 32. Rcf2 Re1 33. Rf1 Bxf4+
34. Kg2 Rxf1 35. Rxf1 Bd2 36. Rf3 Rf5 37. Rd3 Bf4 38. Rd7+ Ke6 39. Rxb7 Rf7 40.
Rxf7 Kxf7 41. h3 Ke6 42. Kf3 Ke5 43. Nb2 Kf5 44. Nc4 h5 45. Na5 g5 46. Nb7 g4+
47. hxg4+ hxg4+ 48. Kf2 Be5 49. Nxc5 Bxc3 50. Ke3 Ba5 51. Nd3 Bb6+ 52. Ke2 Ke4
53. Ne1 a5 54. Ng2 a4 55. Ne1 g3 56. Ng2 Bf2 57. Nh4 Kd4 58. Kd2 Kc4 59. Kc2
Kb4 60. Kb2 Bd4+ 61. Kc2 Bf6 62. Ng2 Bg5 63. Ne1 Kc4 64. Ng2 Kd4 65. Kd1 Kc3
66. Ke2 Bd8 67. Ne3 Kb2 68. Nd5 Ba5 69. Kf3 Kxa2 70. Kxg3 Kb3 71. Nf4 Kc2 72.
Ne6 Bb6 73. Nf4 Bc7 0-1

[Event "4NCL/Div3/CONQ vs. FCA2"]
[Site "Hinckley Island ENG"]
[Date "2008.12.07"]
[Round "4.3"]
[White "Gibbs, Dominic"]
[Black "Kendall, Paul S N"]
[Result "1/2-1/2"]
[WhiteElo "1970"]
[BlackElo "2062"]
[PlyCount "58"]
[EventDate "2008.12.07"]
[SourceDate "2008.10.04"]

1. e4 e5 2. Nf3 Nc6 3. Bb5 a6 4. Ba4 Nf6 5. O-O Be7 6. Qe2 b5 7. Bb3 O-O 8. c3
d6 9. Rd1 Na5 10. Bc2 c5 11. d4 Qc7 12. d5 Nc4 13. b3 Nb6 14. Nbd2 Bd7 15. Nf1
c4 16. Bd2 g6 17. Ng3 a5 18. h3 Rfc8 19. Nh2 cxb3 20. axb3 a4 21. b4 Nc4 22.
Bc1 Qd8 23. Rf1 h5 24. Qd3 h4 25. Nh1 Kg7 26. f4 Qb6+ 27. Rf2 Nh5 28. f5 Nf4
29. Qf3 g5 1/2-1/2

[Event "4NCL/Div3/CONQ vs. FCA2"]
[Site "Hinckley Island ENG"]
[Date "2008.12.07"]
[Round "4.4"]
[White "Elwin, Adrian G"]
[Black "Holland, James"]
[Result "1/2-1/2"]
[WhiteElo "2015"]
[BlackElo "1920"]
[PlyCount "74"]
[EventDate "2008.12.07"]
[SourceDate "2008.10.04"]

1. d4 d5 2. c4 e6 3. Nf3 Nf6 4. Nc3 Be7 5. Bg5 h6 6. Bxf6 Bxf6 7. e3 O-O 8. Rc1
b6 9. cxd5 exd5 10. Bd3 Bb7 11. O-O Nc6 12. Ne2 Nb4 13. Bb1 Na6 14. Nf4 Qe7 15.
Qd3 g6 16. a3 Rfd8 17. Qd2 c5 18. Nd3 Rac8 19. Nde5 Nb8 20. Rfe1 Nc6 21. Nxc6
Bxc6 22. Bd3 Bb7 23. h3 Bg7 24. Nh2 {=} Qd6 25. Bf1 Re8 26. Bb5 Re7 27. Nf3 a6
28. Bf1 Rce8 29. b4 c4 30. Rc3 Re4 31. g3 f5 32. Bg2 R4e7 33. Rd1 g5 34. Ne5
Bxe5 35. dxe5 Rxe5 36. Rxc4 Rd8 {=} 37. Rd4 Qe6 1/2-1/2

[Event "4NCL/Div3/CONQ vs. FCA2"]
[Site "Hinckley Island ENG"]
[Date "2008.12.07"]
[Round "4.5"]
[White "Desai, Anup"]
[Black "Valentine, Brian J"]
[Result "0-1"]
[WhiteElo "1715"]
[BlackElo "1995"]
[PlyCount "108"]
[EventDate "2008.12.07"]
[SourceDate "2008.10.04"]

1. c4 e5 2. Nc3 Nf6 3. g3 g6 4. Bg2 Bg7 5. Nf3 d6 6. O-O O-O 7. d3 c6 8. a3 a5
9. Rb1 Na6 10. b4 axb4 11. axb4 Nc7 12. Be3 Nd7 13. Qb3 f5 14. b5 {=} c5 15.
Bd2 Nf6 16. Ra1 Rb8 17. Na4 Ne6 18. e3 Qe7 19. Nb6 e4 20. Ne1 {=} Ng5 21. Ra7
Be6 22. f4 exf3 23. Nxf3 Nxf3+ 24. Bxf3 Rfe8 25. Re1 Ng4 26. Bd5 {=} Bxd5 27.
Nxd5 Qf7 28. Rea1 Bxa1 29. Rxa1 Nf6 30. Nf4 Ra8 31. Re1 g5 32. Ng2 Nd7 33. Rf1
Qe6 34. d4 Qe4 35. h4 g4 36. Rf4 Qe6 37. d5 Qg6 38. Rf1 Ne5 39. Nf4 Qf7 40. Kg2
h5 41. Bc3 Kh7 42. Ne6 Rxe6 43. dxe6 Qxe6 44. Bxe5 Qxe5 45. Qd3 Kg6 46. Rf2 Re8
47. Re2 Kf6 48. Kf2 {=} Ra8 49. Rd2 Ke6 50. Re2 Ra1 51. Kg2 Rc1 52. e4 Qd4 53.
exf5+ Kf7 54. Qe4 {=} Qg1# 0-1

[Event "4NCL/Div3/CONQ vs. FCA2"]
[Site "Hinckley Island ENG"]
[Date "2008.12.07"]
[Round "4.6"]
[White "Shaw, John S"]
[Black "Paul, Barnaby"]
[Result "1-0"]
[WhiteElo "1895"]
[BlackElo "1750"]
[PlyCount "37"]
[EventDate "2008.12.07"]
[SourceDate "2008.10.04"]

1. d4 d5 2. Nf3 Nf6 3. e3 e6 4. Bd3 Be7 5. Nbd2 O-O 6. O-O Nbd7 7. b3 c5 8. Bb2
b6 9. Ne5 Nxe5 10. dxe5 Nd7 11. f4 f6 12. Nf3 fxe5 13. Nxe5 Nxe5 14. Bxe5 Bf6
15. Qh5 g6 16. Bxg6 hxg6 17. Qxg6+ Kh8 18. Rf3 Bxe5 19. Rh3+ 1-0

[Event "4NCL/Div3/KJCAK vs. BCA"]
[Site "Hinckley Island ENG"]
[Date "2008.12.07"]
[Round "4.1"]
[White "Jones, William"]
[Black "Crouch, Colin"]
[Result "0-1"]
[WhiteElo "2010"]
[BlackElo "2359"]
[PlyCount "102"]
[EventDate "2008.12.07"]
[SourceDate "2008.10.04"]

1. e4 d5 2. exd5 Qxd5 3. Nf3 Nf6 4. d4 Bg4 5. Be2 e6 6. h3 Bh5 7. Be3 c6 8. O-O
Nbd7 9. c4 Qa5 10. Nbd2 Qc7 11. Rc1 Bd6 12. Ng5 Bg6 13. Bf3 O-O 14. d5 exd5 15.
cxd5 Ne5 16. dxc6 bxc6 17. Nde4 Be7 18. Nxf6+ Bxf6 19. Ne4 Nxf3+ 20. Qxf3 Bxb2
21. Rc4 Rfe8 22. Ng3 Rac8 23. Rd1 h6 24. h4 Be5 25. h5 Bh7 26. Rg4 Re6 27. Nf5
Kh8 28. Nd4 Rf6 29. Qe2 c5 30. Nf3 Bd6 31. Qc4 Bf5 32. Rh4 Be6 33. Qe4 Qc6 34.
Qxc6 Rxc6 35. Bd2 Ra6 36. Bc3 Rf5 37. Rg4 f6 38. Re4 Bf7 39. Ne1 Rxh5 40. a4
Bb3 41. Rb1 Bxa4 42. g4 Bc6 43. gxh5 Bxe4 44. Rd1 Kh7 45. f3 Bb7 46. Kf2 c4 47.
Ng2 Ra2+ 48. Rd2 Rxd2+ 49. Bxd2 Bd5 50. Ne3 Bf7 51. Ke2 Be8 0-1

[Event "4NCL/Div3/KJCAK vs. BCA"]
[Site "Hinckley Island ENG"]
[Date "2008.12.07"]
[Round "4.2"]
[White "Mordue, A Tyson"]
[Black "Jones, Victor"]
[Result "1-0"]
[WhiteElo "2292"]
[BlackElo "1991"]
[PlyCount "61"]
[EventDate "2008.12.07"]
[SourceDate "2008.10.04"]

1. e4 c5 2. Nf3 d6 3. d4 cxd4 4. Nxd4 Nf6 5. Nc3 a6 6. Bg5 e6 7. f4 Qb6 8. Qd2
Qxb2 9. Nb3 Qa3 10. Bxf6 gxf6 11. Be2 h5 12. O-O Nd7 13. Kh1 Be7 14. Bf3 h4 15.
h3 Nc5 16. Rad1 Rb8 17. Rfe1 b5 18. e5 dxe5 19. fxe5 Nxb3 20. cxb3 f5 21. Ne2
Kf8 22. Nd4 Bb7 23. Bxb7 Rxb7 24. Nc6 Kg7 25. Re3 Kg6 26. b4 Qa4 27. g4 fxg4
28. Rg1 g3 29. Rexg3+ hxg3 30. Rxg3+ Kh5 31. Nxe7 1-0

[Event "4NCL/Div3/KJCAK vs. BCA"]
[Site "Hinckley Island ENG"]
[Date "2008.12.07"]
[Round "4.3"]
[White "Bayliss, Lyall C P"]
[Black "Ross, Chris"]
[Result "1/2-1/2"]
[WhiteElo "1965"]
[BlackElo "2172"]
[PlyCount "84"]
[EventDate "2008.12.07"]
[SourceDate "2008.10.04"]

1. e4 c5 2. c3 d5 3. exd5 Qxd5 4. d4 e6 5. Nf3 Nf6 6. Be2 Nc6 7. O-O cxd4 8.
cxd4 Be7 9. Nc3 Qd6 10. Nb5 Qd8 11. Bf4 Nd5 12. Bg3 a6 13. Nc3 O-O 14. a3 b5
15. Rc1 Nxc3 16. Rxc3 Bb7 17. Bd3 b4 18. axb4 Nxb4 19. Bb1 Rc8 20. Qd2 Qd7 21.
Rfc1 Qb5 22. Rc7 Rxc7 23. Rxc7 Nd5 24. Rc1 g6 25. Bd3 Qb6 26. h4 Nb4 27. Bb1
Bxf3 28. gxf3 Rd8 29. Be5 f6 30. Bc7 Qxd4 31. Qe2 Rd7 32. Qxe6+ Kg7 33. Bb6 Qd5
34. Qxd5 Nxd5 35. Be3 Nxe3 36. fxe3 Rd2 37. Rc7 Rd1+ 38. Kf2 Rxb1 39. Rxe7+ Kh6
40. Rb7 f5 41. e4 fxe4 42. fxe4 g5 1/2-1/2

[Event "4NCL/Div3/KJCAK vs. BCA"]
[Site "Hinckley Island ENG"]
[Date "2008.12.07"]
[Round "4.4"]
[White "Hilton, Steve"]
[Black "Lunn, Matt"]
[Result "0-1"]
[WhiteElo "1907"]
[BlackElo "1874"]
[PlyCount "108"]
[EventDate "2008.12.07"]
[SourceDate "2008.10.04"]

1. d4 Nf6 2. c4 g6 3. Nc3 Bg7 4. e4 d6 5. Be2 O-O 6. Bg5 c5 7. d5 e6 8. Nf3
exd5 9. exd5 Qb6 10. Qd2 Re8 11. O-O Bg4 12. h3 Bxf3 13. Bxf3 Nbd7 14. Be2 Ne4
15. Nxe4 Rxe4 16. Bd3 Ree8 17. Rab1 a5 18. Kh1 Qb4 19. Qc2 Ne5 20. Bd2 Qb6 21.
Be2 f5 22. Bc3 Re7 23. f4 Nd7 24. Bxg7 Kxg7 25. g4 Rae8 26. Bf3 fxg4 27. Bxg4
Nf6 28. Be6 Rxe6 29. dxe6 Rxe6 30. f5 Re3 31. Qg2 Ne4 32. Rfe1 Rxh3+ 33. Qxh3
Nf2+ 34. Kg2 Nxh3 35. Kxh3 Qc6 36. Re7+ Kf6 37. Rxh7 Qf3+ 38. Kh2 Qe2+ 39. Kg1
Qg4+ 40. Kh2 Qe2+ 41. Kg1 gxf5 42. Rh6+ Kg5 43. Rh2 Qe3+ 44. Kh1 f4 45. Rg1+
Kf5 46. Rh8 Qe4+ 47. Kh2 Qxc4 48. Rf8+ Ke4 49. b3 Qe2+ 50. Rg2 Qh5+ 51. Kg1 d5
52. Re8+ Kd3 53. Rf8 Qe5 54. Rf2 Qg7+ 0-1

[Event "4NCL/Div3/KJCAK vs. BCA"]
[Site "Hinckley Island ENG"]
[Date "2008.12.07"]
[Round "4.5"]
[White "Maguire, Robert"]
[Black "Armstrong, William G"]
[Result "0-1"]
[WhiteElo "1710"]
[BlackElo "1964"]
[PlyCount "57"]
[EventDate "2008.12.07"]
[SourceDate "2008.10.04"]

1. e4 c5 2. Nf3 Nc6 3. d4 cxd4 4. Nxd4 Nf6 5. Nc3 e5 6. Ndb5 d6 7. Bg5 a6 8.
Na3 b5 9. Nd5 Qa5+ 10. Bd2 Qd8 11. Bg5 Qa5+ 12. Bd2 Qd8 13. c4 Nxe4 14. cxb5
Be6 15. Ne3 Qh4 16. g3 Qf6 17. f3 Nxd2 18. Bg2 Nd4 19. Qxd2 Nxf3+ 20. Bxf3 Qxf3
21. Rf1 Qb7 22. bxa6 Rxa6 23. Nac4 d5 24. O-O-O Qc7 25. Nxd5 Qxc4+ 26. Nc3 Be7
27. b3 Qc8 28. Kb1 O-O 29. Rc1 {scoresheet illegible} 0-1